|
|
|
|
| LEADER |
00000naa2a2200000 4500 |
| 001 |
88020 |
| 005 |
20231031102501.0 |
| 035 |
|
|
|a (RuTPU)RU\TPU\book\94499
|
| 090 |
|
|
|a 88020
|
| 100 |
|
|
|a 20051220d2002 k y0rusy50 ca
|
| 101 |
0 |
|
|a rus
|
| 102 |
|
|
|a RU
|
| 200 |
1 |
|
|a Язык современной французской прессы
|f П. В. Владимирова
|
| 463 |
|
0 |
|0 (RuTPU)RU\TPU\book\60263
|t Лингвистические и культурологические традиции образования
|o материалы II Международной научно-практической конференции, Томск, июнь 2002
|f Томский политехнический университет; Под ред. Н. А. Качалова
|v С. 290-294
|d 2002
|p 338 с.
|
| 610 |
1 |
|
|a французский язык
|
| 610 |
1 |
|
|a пресса
|
| 610 |
1 |
|
|a массовые коммуникации
|
| 610 |
1 |
|
|a французская пресса
|
| 610 |
1 |
|
|a источники информации
|
| 610 |
1 |
|
|a труды учёных ТПУ
|
| 700 |
|
1 |
|a Владимирова
|b П. В.
|
| 801 |
|
1 |
|a RU
|b 63413507
|c 20051220
|g PSBO
|
| 801 |
|
2 |
|a RU
|b 63413507
|c 20110128
|g RCR
|
| 942 |
|
|
|c BK
|